| 000 | 01441 a2200229 4500 | ||
|---|---|---|---|
| 003 | Nust | ||
| 005 | 20170207154023.0 | ||
| 010 | _a 2001052122 | ||
| 020 | _a0735615683 | ||
| 040 | _cNust | ||
| 082 | 0 | 0 | _a005.276 |
| 100 | 1 | _aReynolds-Haertle, Robin A., | |
| 245 | 1 | 0 |
_aOOP with Microsoft Visual Basic.NET and Microsoft Visual C# .NET step by step (E-BOOK) _cRobin A. Reynolds-Haertle. |
| 260 |
_aRedmond, Wash. : _bMicrosoft Press, _c2001. |
||
| 300 |
_axviii, 393 p. : _bill. ; _c24 cm. _e+1 computer optical disc (4 3/4 in.) |
||
| 490 | 1 | _aStep-by-step | |
| 505 | _aChapter 1 - Writing Your First Object-Oriented Program Chapter 2 - Creating Class Instances with Constructors Chapter 3 - Creating Fields and Properties Chapter 4 - Working with Methods Chapter 5 - Using Inheritance to Create Specialized Classes Chapter 6 - Designing Base Classes as Abstract Classes Chapter 7 - Responding to Changes with Events and Exceptions Chapter 8 - Putting It All Together with Components Chapter 9 - Providing Services Using Interfaces Chapter 10 - Using Classes Interchangeably Through Polymorphism Chapter 11 - Using Shared and Static Members Chapter 12 - Overloading Operators with Visual C# Chapter 13 - Saving Instance Data Chapter 14 - Reducing Complexity by Design | ||
| 650 | 0 | _aC# (Computer program language) | |
| 650 | 0 | _aObject-oriented programming (Computer science). | |
| 651 | _aE-BOOK | ||
| 830 | 0 | _aStep by step (Redmond, Wash.) | |
| 942 |
_2ddc _cBK |
||
| 999 |
_c191760 _d191760 |
||